000 00688nam a2200301Ia 4500
008 160525s9999||||xx |||||||||||||| ||und||
040 _cMarathi
082 _aXV.G/Apte
082 _bBORI-46052
100 _aKashibai Kanitkar
245 _aHaribhaunchi Patre
260 _aEkyasampadan
260 _b1929
260 _cSatara
300 _a14+118
300 _cA
300 _ePaperback
530 _bKhuperkar
530 _u000346052.pdf
563 _aStudy
600 _aKashibai Kanitkar
630 _aHaribhaunchi Patre
650 _aBiography
650 _aReference
700 _aKashibai Kanitkar
730 _aHaribhaunchi Patre
942 _cBOOK
999 _c1379435
_d1379432